书目信息 |
| 题名: |
愉快的智力测验
|
|
| 作者: | Emmet , 埃米特 著 ;周慧娟 , 鞠昌鳌 译 | |
| 分册: | ||
| 出版信息: | 北京 中国农业机械出版社 1982 |
|
| 页数: | 235页 | |
| 开本: | 19cm | |
| 丛书名: | ||
| 单 册: | ||
| 中图分类: | G449.4 | |
| 科图分类: | ||
| 主题词: | 智力测验 | |
| 电子资源: | ||
| ISBN: | ||
| 000 | 00832nam0 2200289 45 | |
| 001 | 0182003876 | |
| 005 | 20060911153216.67 | |
| 010 | @dCNY0.64 | |
| 091 | @aCN@b7216.021 | |
| 100 | @a19950706d1982 em y0chiy0121 ea | |
| 101 | 1 | @achi@ceng |
| 102 | @aCN@b110000 | |
| 105 | @ay z 000yy | |
| 200 | 10 | @a愉快的智力测验@Ayu kuai de zhi li ce yan@f(美)埃米特(E.R. Emmet)著@g周慧娟,鞠昌鳌译 |
| 210 | @a北京@c中国农业机械出版社@d1982 | |
| 215 | @a235页@d19cm | |
| 300 | @a书名原文:Puzzles for pleasure | |
| 510 | 1 | @aPuzzles for pleasure@zeng |
| 606 | @a智力测验 | |
| 690 | @aG449.4@v3 | |
| 701 | A1 | @aEmmet@bE.R.@4著 |
| 701 | 1 | @a埃米特@Aai mi te@bE.R.@4著 |
| 702 | 0 | @a周慧娟@Azhou hui juan@4译 |
| 702 | 0 | @a鞠昌鳌@Aju chang ao@4译 |
| 801 | 2 | @aCN@bNLC@c20060911 |
| 801 | 0 | @aCN@bTSSF |
| 905 | @a10447@dG449.4@e113 | |
| 愉快的智力测验/(美)埃米特(E.R. Emmet)著/周慧娟,鞠昌鳌译.-北京:中国农业机械出版社,1982 |
| 235页;19cm |
| 书名原文:Puzzles for pleasure |
| ISBN :CNY0.64 |
| ● |
| 相关链接 |
|
|
|
|
正题名:愉快的智力测验
索取号:G449.4/113
 
预约/预借
| 序号 | 登录号 | 条形码 | 馆藏地/架位号 | 状态 | 备注 |
| 1 | 0472018 | 204720187 | 密集书库/ [索取号:G449.4/113] | 在馆 |